000
00266nam a2200109Ia 4500
008
200302s9999 xx 000 0 und d
100
_a
Witold Rybczynski
245
_a
The Perfect House
260
_b
Library Association Publishing
260
_c
2002
300
_a
266 P.,
999
_c
2306
_d
2306